Influencia de la lluvia en las comunicaciones vía satélite
Guardado en:
| Hovedforfatter: | |
|---|---|
| Format: | Bog |
| Sprog: | Undetermined |
| Udgivet: |
San José, C.R. : [editor no identificado]
1999
|
| Fag: | |
| Tags: |
Tilføj Tag
Ingen Tags, Vær først til at tagge denne postø!
|
MARC
| LEADER | 00000nam a2200000Ia 4500 | ||
|---|---|---|---|
| 003 | 008688 | ||
| 005 | 20221231144217.0 | ||
| 008 | 140114s9999 xx 000 0 und d | ||
| 040 | |c cru CEDI | ||
| 090 | |a TFG 4001 | ||
| 100 | |a Vargas Quesada, Luis Antonio |9 7379 | ||
| 245 | |a Influencia de la lluvia en las comunicaciones vía satélite | ||
| 260 | |c 1999 |a San José, C.R. : [editor no identificado] | ||
| 300 | |a ix, 85 hojas | ||
| 500 | |a Proyecto de graduación (bachillerato en ingeniería eléctrica)--Universidad de Costa Rica. Facultad de Ingeniería. Escuela de Ingeniería Eléctrica | ||
| 650 | |x SATELITES ARTIFICIALES |x TEORIA DE LAS SEÑALES (TELECOMUNICACIONES) |9 8658 | ||
| 942 | |c TFG | ||
| 999 | |c 18482 |d 18482 | ||
